|
|
|
|
| LEADER |
00000nam0a2200000 4500 |
| 001 |
216185 |
| 005 |
20231101230024.0 |
| 010 |
|
|
|a 9785916572483
|
| 035 |
|
|
|a (RuTPU)RU\TPU\book\236147
|
| 090 |
|
|
|a 216185
|
| 100 |
|
|
|a 20120522d2011 km y0rusy50 ca
|
| 101 |
1 |
|
|a rus
|c eng
|
| 102 |
|
|
|a RU
|
| 105 |
|
|
|a y z 000zy
|
| 200 |
1 |
|
|a Как привести дела в порядок: искусство продуктивности без стресса
|e пер. с англ.
|f Д. Аллен
|
| 205 |
|
|
|a 5-е изд.
|
| 210 |
|
|
|a Москва
|c Манн, Иванов и Фербер
|d 2011
|
| 215 |
|
|
|a 368 с.
|
| 225 |
1 |
|
|a Хороший перевод!
|
| 330 |
|
|
|a Вы тонете в делах и ничего не успеваете. Ваши нервы на пределе, потому что, хватаясь то за одно, то за другое, вы все время упускаете что-то важное. Вам кажется, что клубок ваших проблем распутать уже невозможно. Но выход есть. Дэвид Аллен написал эту книгу, чтобы вы могли стать более эффективным в делах и при этом имели возможность расслабиться, когда нужно. Поставив рутину на автопилот, вы обретете свободу действий. Вы научитесь отделять второстепенные дела от важных, верно ставить цели и распределять приоритеты, работать со входящей информацией и задачами. Главное - ясность сознания и упорядоченность мыслей. А как этого добиться, вы узнаете в книге. Работайте продуктивно и без стресса! Книга принесет наибольшую пользу менеджерам, а также всем, кому давно пора привести свои дела в порядок.
|
| 606 |
1 |
|
|a Управление
|x Психология
|2 stltpush
|3 (RuTPU)RU\TPU\subj\63070
|9 80117
|
| 610 |
1 |
|
|a управленческая деятельность
|
| 610 |
1 |
|
|a управленческая культура
|
| 610 |
1 |
|
|a продуктивность
|
| 610 |
1 |
|
|a эффективная организация
|
| 610 |
1 |
|
|a самоменеджмент
|
| 610 |
1 |
|
|a тайм-менеджмент
|
| 610 |
1 |
|
|a стрессовые ситуации
|
| 610 |
1 |
|
|a поведение
|
| 610 |
1 |
|
|a поведенческая психология
|
| 610 |
1 |
|
|a планирование
|
| 686 |
|
|
|a Ю954
|v LBC/SL-A
|2 rubbk
|
| 700 |
|
1 |
|a Аллен
|b Д.
|g Дэвид
|
| 801 |
|
1 |
|a RU
|b 63413507
|c 20120522
|
| 801 |
|
2 |
|a RU
|b 63413507
|c 20120907
|g RCR
|
| 942 |
|
|
|c BK
|
| 959 |
|
|
|a 80/20120522
|d 1
|e 550,00
|f ЧЗГЛ:1
|